| 000 | 00736cam a22002173u 4500 | ||
|---|---|---|---|
| 001 | 011025558 | ||
| 005 | 20230823154611.0 | ||
| 008 | 230823s1983 enk || o000 ||eng | ||
| 020 | _a0854061983 (pbk) | ||
| 040 | _aUk | ||
| 041 | _aeng | ||
| 245 | 0 | 4 |
_aThe Mines (Working Facilities & Support) Acts 1966 & 1974 : _ba guide for applicants and objectors / _c[prepared by the Minerals Division of the RICS]. |
| 260 |
_aLondon : _bSurveyors Publications, _cc1983. |
||
| 336 |
_atext _2rdacontent |
||
| 337 |
_aunmediated _2rdamedia |
||
| 338 |
_avolume _2rdacarrier |
||
| 651 | _aUnited Kingdom | ||
| 710 | 2 |
_aRoyal Institution of Chartered Surveyors. _bMinerals Division. |
|
| 942 | _n0 | ||
| 999 |
_c121646 _d121646 |
||